| 000 | 01252nam a22002777a 4500 | ||
|---|---|---|---|
| 003 | OSt | ||
| 005 | 20221116134129.0 | ||
| 007 | cr ||||||a|c|a | ||
| 008 | 221111s2021 mx a|||fom||| 001 0 spa d | ||
| 040 | _erda | ||
| 100 | 1 |
_994632 _aRangel Zaragoza, José Luis |
|
| 245 | 1 | 4 |
_aLos jornaleros agrícolas y su situación laboral en el sector hortofrutícola de México / _cpor José Luis Rangel Zaragoza, director de tesis Juan Antonio Leos Rodríguez. |
| 264 | 1 |
_aChapingo, México : _bEl autor, _c2021. |
|
| 300 |
_a1 recurso en línea (127páginas). _bcuadros, figuras. |
||
| 336 |
_2rdacontent _atexto _btxt |
||
| 337 |
_2rdamedia _acomputadora _bc |
||
| 338 |
_2rdacarrier _arecurso en línea _bcr |
||
| 502 |
_bDCPEA _cCIESTAAM _d2021. _gDOC |
||
| 504 | _aIncluye referencias bibliográficas: páginas 71-75,104-108. | ||
| 650 | 4 |
_91855 _aAgricultura _xTrabajadores _xE.U.A. |
|
| 650 | 4 |
_9131167 _aTrabajadores agrícolas _xCondiciones económicas _zMéxico |
|
| 650 | 4 |
_9126745 _aTrabajadores migrantes _xCalidad de vida |
|
| 700 | 1 |
_966243 _aLeos Rodríguez, Juan Antonio _eDirector de tesis. |
|
| 856 |
_uhttp://10.13.5.2/tesis/td/2021_CI_Rangel_Zaragoza_JoseLuis.pdf _zDESCARGAR PDF |
||
| 942 |
_2Clasificación Universidad Autónoma Chapingo _cTD |
||
| 999 |
_c217767 _d217767 |
||